| 000 | 00346nam a2200145Ia 4500 | ||
|---|---|---|---|
| 008 | 230711s9999||||xx |||||||||||||| ||und|| | ||
| 041 | _aENG | ||
| 082 |
_a620 _bVI-M |
||
| 100 | _aVijaywargiya,U.S | ||
| 245 | 0 | _aMechanical science | |
| 250 | _a1st | ||
| 260 |
_c1994 _aJabalpur _bGK Publications |
||
| 650 | _aMechanical Engineering | ||
| 942 | _cBK | ||
| 999 |
_c2674 _d2674 |
||